000 00218nam a2200097Ia 4500
008 120527s9999 xx 000 0 und d
100 _aDAVID,V
245 _aThe Technopolis phenomenon.
260 _bRowman
942 _cBK
999 _c23868
_d23868